000 02437aam a2200325 i 4500
001 768714001
003 CO-MdFUSB
005 20240126114745.0
007 ta
008 231006t20172017us a||ag |||| 00| 0 eng d
020 _a9781457553639
040 _aCO-MdFUSB
_bspa
_cCO-MdFUSB
_dCO-MdFUSBC
_erda
041 _aeng
_heng
082 _223
_a265.1
_bM478
100 _aMcDowell, Bruce A.
_eautor
245 1 _aChristian baptism
_b : the sing and seal of God´s covenant promise
_c/ Bruce A. McDowell
264 1 _aEstados Unidos :
_bGod´s Word Publishing
_c[2017]
264 4 _c©2017
300 _a232 páginas
_c; 23 cm
336 _2rdacontent
_atexto
_btxt
337 _2rdamedia
_asin mediación
_bn
338 _2rdacarrier
_avolumen
_bnc
504 _aIncluye bibliografía
505 _gCapítulo 1:
_tEl bautismo y el pacto.
_aPacto de Obras -- Pacto de Noé -- Nuevo Pacto -- Comparación del Antiguo y Nuevo Pacto.
_gCapítulo 2:
_tEl significado del bautismo.
_aJesús bautiza con el Espíritu -- Agua Bautismal -- Resumen del Significado del Bautismo.
_gCapítulo 3:
_t¿Es necesario el bautismo para la salvación?
_aRegeneración Bautismal -- Creer es Fe Salvadora -- Nacido de Dios.
_gCapítulo 4:
_t¿Se debe bautizar a los bebés? Continuidad del pacto.
_aEl Pacto de Gracia Continúa -- Familia del Pacto -- Continuidad del Pacto en la Recepción de su Señal.
_gCapítulo 5:
_t ¿Se debe bautizar a los bebés? Racionable bíblica e históricamente.
_aNiños recibidos en el Reino de Dios -- Bautismo de las familias del convenio -- ¿Dedicación o bautismo de los hijos?
_gCapítulo 6:
_tEl modo del bautismo: su significado.
_aPurificación del pecado -- Significado de Baptizo -- Unión con Cristo.
_gCapítulo 7:
_tEl modo del Bautismo: Práctica Bíblica.
_aUso de preposiciones -- Bautismo de Jesús -- Práctica histórica.
_gCapítulo 8:
_t ¿Bautizado de nuevo?
_aBautizados como Infantes, pero con nuestros Padres Cristianos -- Bautismo de Iglesias Heréticas -- Bautismo por los Muertos.
_gCapítulo 9:
_tEl bautismo como sacramento.
_aSacramentos Definidos -- Eficacia de los Sacramentos -- Correctamente Administrados -- Visión Comparativa de los Sacramentos/Ordenanzas.
_gCapítulo 10:
_tEl valor continuo del bautismo
_aBeneficios espirituales -- Entrada a la iglesia -- Unidad como cuerpo.
563 _aRústico
650 0 _91149
_a Bautismo
942 _cBK
945 _asor1564
999 _c69127
_d69127